[Event "ch-RUS Blitz Women 2017"]
[Site "Sochi RUS"]
[Date "2017.10.02"]
[Round "5.2"]
[White "Charochkina, Daria"]
[Black "Kabanova, Ekaterina"]
[Result "1-0"]
[WhiteTitle "IM"]
[BlackTitle "WFM"]
[WhiteElo "2321"]
[BlackElo "2205"]
[WhiteFideId "4180917"]
[BlackFideId "24112917"]
[EventDate "2017.10.02"]
[EventType "blitz"]

1. d4 c5 2. dxc5 e6 3. Nc3 Na6 4. e4 Nxc5 5. Nf3 d6 6. Bb5+ Bd7 7. Qe2 a6 8.
Bxd7+ Qxd7 9. Bf4 Qc7 10. O-O-O Rd8 11. Kb1 Be7 12. g4 h5 13. g5 g6 14. Rhe1 b5
15. a3 Qb8 16. Nd4 Qb6 17. Be3 Qc7 18. f4 Bf8 19. f5 Bg7 20. Rf1 Be5 21. fxe6
fxe6 22. b4 Bxd4 23. Bxd4 e5 24. Bxc5 dxc5 25. Rxd8+ Qxd8 26. Qf3 Rh7 27. Qf8+
Kd7 28. Rd1+ 1-0

[Event "ch-RUS Blitz Women 2017"]
[Site "Sochi RUS"]
[Date "2017.10.02"]
[Round "5.4"]
[White "Belenkaya, Dina"]
[Black "Bodnaruk, Anastasia"]
[Result "1/2-1/2"]
[WhiteTitle "WGM"]
[BlackTitle "IM"]
[WhiteElo "2346"]
[BlackElo "2432"]
[WhiteFideId "24142654"]
[BlackFideId "4181751"]
[EventDate "2017.10.02"]
[EventType "blitz"]

1. e4 d6 2. d4 Nf6 3. Nc3 g6 4. Nf3 Bg7 5. h3 O-O 6. Be3 c6 7. Bd3 Qc7 8. Qd2 e5
9. O-O exd4 10. Nxd4 Re8 11. Bh6 Bh8 12. Rfe1 Nbd7 13. Nb3 Nb6 14. a4 a5 15.
Rad1 Be6 16. Qc1 Bxb3 17. cxb3 Re7 18. Bg5 Rae8 19. f3 Qc8 20. Kh1 Re5 21. Bf4
R5e6 22. Bf1 Nh5 23. Bh2 Be5 24. f4 Bxc3 25. bxc3 Rxe4 26. Rxe4 Rxe4 27. Rxd6
Nd5 28. c4 Ndxf4 29. g4 Qc7 30. Qd2 Qe7 31. gxh5 Ne2 32. Rd8+ Kg7 33. Bxe2 Rxe2
34. h6+ Kf6 35. Qd4+ Kg5 36. Qf4+ Kh5 37. Qg4+ Kxh6 38. Qf4+ Kg7 39. Qd4+ Kh6
40. Bf4+ g5 41. Bg3 Re6 42. Rd6 f5 43. Rxe6+ Qxe6 44. Qd6 Qxd6 45. Bxd6 f4 46.
Kg2 Kg6 47. Bc7 Kf5 48. Bxa5 h5 49. Bd2 g4 50. hxg4+ hxg4 51. b4 Ke4 52. a5 f3+
53. Kf2 Kd3 54. Be1 Kxc4 55. Kg3 Kb5 56. Kxg4 f2 57. Bxf2 Kxb4 58. Bb6 c5 59.
Kf3 c4 60. Ke2 Kb3 61. Kd2 c3+ 62. Kc1 c2 63. Bd4 Kb4 64. Bb6 Kb3 65. Be3 Kb4
66. Bd2+ Kb5 67. Kxc2 b6 68. axb6 Kxb6 1/2-1/2

[Event "ch-RUS Blitz Women 2017"]
[Site "Sochi RUS"]
[Date "2017.10.02"]
[Round "5.5"]
[White "Maltsevskaya, Aleksandra"]
[Black "Kashlinskaya, Alina"]
[Result "1/2-1/2"]
[BlackTitle "IM"]
[WhiteElo "2260"]
[BlackElo "2455"]
[WhiteFideId "24174041"]
[BlackFideId "4198026"]
[EventDate "2017.10.02"]
[EventType "blitz"]

1. e4 e6 2. d4 d5 3. Nc3 Nf6 4. Bg5 dxe4 5. Nxe4 Be7 6. Bxf6 gxf6 7. Nf3 f5 8.
Nc3 a6 9. g3 b5 10. Bg2 Bb7 11. O-O c5 12. Ne2 Nd7 13. Qd2 Qb6 14. a4 b4 15. c3
c4 16. a5 Qb5 17. Qh6 Be4 18. cxb4 Qxb4 19. Nc3 Bb7 20. Rfe1 Nf6 21. d5 Nxd5 22.
Nd4 O-O-O 23. Ra4 Qc5 24. Nc2 Nxc3 25. Bxb7+ Kxb7 26. bxc3 Qc6 27. Rb1+ Ka8 28.
Raa1 Rb8 29. Nd4 Qe4 30. Qg7 Rxb1+ 31. Rxb1 Qxb1+ 32. Kg2 Rb8 33. Qxf7 Qe4+ 34.
f3 Qb7 35. Qxe6 Bc5 36. Nc6 Rc8 37. Ne5 f4 38. gxf4 Be3 39. Nxc4 Ba7 40. Nd6
Qb2+ 41. Kh3 Rd8 42. Qe4+ Kb8 43. Qe7 Rxd6 44. Qxd6+ Kb7 45. Qd7+ Kb8 46. Qd6+
Ka8 47. Qxa6 Qxc3 48. Qe6 Qc7 49. Qe8+ Kb7 50. Qb5+ Kc8 51. Qe8+ Qd8 52. Qc6+
Kb8 53. Qb5+ Ka8 54. Qc6+ Kb8 55. Qb5+ Kc7 56. Qc4+ Kd7 57. Qd5+ Ke7 58. Qg5+
Kd7 59. Qd5+ Kc7 60. Qc4+ Kb8 61. Qb5+ Kc8 62. a6 Qd7+ 63. Qxd7+ Kxd7 1/2-1/2

[Event "ch-RUS Blitz Women 2017"]
[Site "Sochi RUS"]
[Date "2017.10.02"]
[Round "5.6"]
[White "Nebolsina, Vera"]
[Black "Ubiennykh, Ekaterina"]
[Result "1-0"]
[WhiteTitle "WGM"]
[BlackTitle "WIM"]
[WhiteElo "2220"]
[BlackElo "2308"]
[WhiteFideId "4163591"]
[BlackFideId "4137582"]
[EventDate "2017.10.02"]
[EventType "blitz"]

1. e4 c6 2. d4 d5 3. exd5 cxd5 4. Bd3 Nc6 5. c3 Qc7 6. Ne2 Bg4 7. Na3 e6 8. Nc2
Bd6 9. Bg5 Nge7 10. Ne3 Bh5 11. Qc2 Bg6 12. Bh4 Rc8 13. Bg3 O-O 14. Bxg6 Nxg6
15. Bxd6 Qxd6 16. Qd2 b5 17. O-O a5 18. f4 f5 19. a3 Rb8 20. Nd1 Rfc8 21. Nf2 b4
22. axb4 axb4 23. Nd3 bxc3 24. bxc3 Qd8 25. Nc5 Nf8 26. Qe3 Rb2 27. Nc1 Qf6 28.
N1d3 Rc2 29. Rfc1 Rxc1+ 30. Rxc1 Na5 31. Re1 Nc4 32. Qe2 Rc6 33. Nb4 Rb6 34. Qa2
Qh4 35. g3 Qf6 36. Qa8 Rxb4 37. Nd7 Qe7 38. Nxf8 Qb7 39. Qe8 Qb5 40. Nd7# 1-0

[Event "ch-RUS Blitz Women 2017"]
[Site "Sochi RUS"]
[Date "2017.10.02"]
[Round "5.7"]
[White "Voit, Daria"]
[Black "Kharmunova, Nadezhda"]
[Result "1-0"]
[WhiteTitle "FM"]
[BlackTitle "WIM"]
[WhiteElo "2387"]
[BlackElo "2199"]
[WhiteFideId "4182146"]
[BlackFideId "4195876"]
[EventDate "2017.10.02"]
[EventType "blitz"]

1. d4 Nf6 2. c4 e6 3. g3 d5 4. Nf3 Be7 5. Bg2 O-O 6. O-O c6 7. Qc2 Ne4 8. Bd2
Nd7 9. Rc1 f5 10. Be1 Ndf6 11. b4 Bd7 12. a4 g5 13. e3 f4 14. exf4 gxf4 15. Ne5
Be8 16. f3 Nd6 17. Bh3 Bf7 18. c5 Nde8 19. gxf4 Nh5 20. Nxf7 Kxf7 21. Qxh7+ Neg7
22. f5 Rh8 23. Qg6+ Kf8 24. fxe6 Qe8 25. Qg4 Nf6 26. Qg2 Ngh5 27. Bg3 Qg6 28.
Nc3 Qd3 29. Ne2 Kg7 30. Rd1 Qc2 31. Bd6+ Kf8 32. Bxe7+ Kxe7 33. Ng3 Nf4 34. Qxc2
Nxh3+ 35. Kh1 Rag8 36. Rg1 Rh4 37. Rg2 Kxe6 38. Re1+ Kf7 39. Qf5 Nf4 40. Rge2
Rxg3 41. Re7+ Kg8 42. Qxf6 1-0

[Event "ch-RUS Blitz Women 2017"]
[Site "Sochi RUS"]
[Date "2017.10.02"]
[Round "5.8"]
[White "Sukhareva, Evgeniya"]
[Black "Drozdova, Dina"]
[Result "0-1"]
[BlackTitle "WIM"]
[WhiteElo "2207"]
[BlackElo "2209"]
[WhiteFideId "4167155"]
[BlackFideId "4170695"]
[EventDate "2017.10.02"]
[EventType "blitz"]

1. d4 g6 2. c4 Bg7 3. e4 d6 4. h3 c5 5. d5 a6 6. Nf3 Nf6 7. Nc3 O-O 8. Bd3 b5 9.
cxb5 axb5 10. O-O b4 11. Nb5 Ba6 12. Qe2 Nbd7 13. Rb1 Bxb5 14. Bxb5 Rxa2 15. Bc4
Ra7 16. b3 Qc7 17. Bb5 Ra5 18. Bb2 Ra2 19. Nd2 Nb6 20. Bc6 Nfd7 21. Bxg7 Kxg7
22. f4 Rc2 23. Rfc1 Rxc1+ 24. Rxc1 Nb8 25. Bb5 Qa7 26. Nf3 c4 27. bxc4 Nxd5+ 28.
Kh2 Nc3 29. Qb2 Qe3 30. Re1 Qc5 31. e5 Nc6 32. exd6 exd6 33. Bxc6 Qxc6 34. Qxb4
Ne4 35. Qb2+ Kg8 36. Qd4 Nc5 37. Ng5 Qd7 38. Ne4 Nxe4 39. Qxe4 Rc8 40. Rd1 Qc7 0-1

[Event "ch-RUS Blitz Women 2017"]
[Site "Sochi RUS"]
[Date "2017.10.02"]
[Round "5.9"]
[White "Ambartsumova, Karina"]
[Black "Travkina, Anastasia"]
[Result "1-0"]
[WhiteTitle "WGM"]
[BlackTitle "WFM"]
[WhiteElo "2359"]
[BlackElo "2221"]
[WhiteFideId "4166299"]
[BlackFideId "24129151"]
[EventDate "2017.10.02"]
[EventType "blitz"]

1. e4 c5 2. Nf3 d6 3. d4 cxd4 4. Nxd4 Nf6 5. Nc3 a6 6. Be3 e5 7. Nb3 Be7 8. h3
Be6 9. Qf3 Nbd7 10. g4 Nb6 11. g5 Nfd7 12. h4 Qc7 13. Bh3 Nc4 14. Bc1 Ndb6 15.
Bxe6 fxe6 16. Qh5+ g6 17. Qg4 Qd7 18. a4 O-O-O 19. a5 Na8 20. Ra4 d5 21. exd5
exd5 22. Qxd7+ Rxd7 23. Nxd5 Rxd5 24. Rxc4+ Kb8 25. Ke2 Nc7 26. h5 Rd6 27. Be3
gxh5 28. Rxh5 Rg6 29. Rch4 Ne6 30. Rxh7 Rxh7 31. Rxh7 Bxg5 32. Bxg5 Rxg5 33. Re7
Nf4+ 34. Kf3 Nd5 35. Rf7 Nb4 36. c3 Nc6 37. Ke4 Rg1 38. Nc5 Nxa5 39. Nd7+ Ka7
40. Nxe5 Re1+ 41. Kd5 Re2 42. b4 Rd2+ 43. Ke6 Nb3 44. f4 Rc2 45. Nc6+ Kb6 46.
Nd8 Kb5 47. Rxb7+ Kc4 48. Rc7+ Kd3 49. f5 Rxc3 50. Rd7+ Ke4 51. f6 Rf3 52. f7
Nd4+ 53. Ke7 Nf5+ 54. Ke8 Ng7+ 55. Kf8 Nh5 56. Ne6 Nf6 57. Re7 Kd5 58. Nc7+ Kd6
59. Ne8+ Nxe8 60. Kxe8 Kc6 61. f8=Q Rxf8+ 62. Kxf8 Kd5 1-0

[Event "ch-RUS Blitz Women 2017"]
[Site "Sochi RUS"]
[Date "2017.10.02"]
[Round "5.10"]
[White "Shaydullina, Sandugach"]
[Black "Gritsayeva, Oksana"]
[Result "1-0"]
[WhiteTitle "WGM"]
[BlackTitle "WFM"]
[WhiteElo "2185"]
[BlackElo "2373"]
[WhiteFideId "4140389"]
[BlackFideId "14104652"]
[EventDate "2017.10.02"]
[EventType "blitz"]

1. d4 g6 2. e4 Bg7 3. Nc3 c6 4. h3 d5 5. e5 Nh6 6. Bd3 f6 7. f4 Bf5 8. g4 Bxd3
9. Qxd3 f5 10. g5 Nf7 11. h4 h6 12. Nf3 hxg5 13. fxg5 e6 14. Bf4 Nd7 15. O-O-O
Qa5 16. Kb1 O-O-O 17. Ne2 c5 18. c3 Qa6 19. Qxa6 bxa6 20. Ng3 Kb7 21. h5 gxh5
22. Nxh5 Rhg8 23. g6 Nh8 24. Ng5 Rde8 25. Nf7 Nxg6 26. Nd6+ Kc6 27. Nxe8 Bf8 28.
Nef6 Nxf6 29. Nxf6 Rg7 30. Bh6 Rf7 31. Bxf8 Rxf8 32. Rh7 Nf4 33. Rxa7 Rh8 34.
Rxa6+ Kb5 35. Ra7 Rh2 36. dxc5 Kxc5 37. a4 Kc4 38. Rb7 Ng6 39. Nd7 Rh4 40. Rb4# 1-0

[Event "ch-RUS Blitz Women 2017"]
[Site "Sochi RUS"]
[Date "2017.10.02"]
[Round "5.11"]
[White "Bykova, Anastasia"]
[Black "Gubernatorova, Lyudmila"]
[Result "1-0"]
[WhiteTitle "WFM"]
[WhiteElo "2234"]
[BlackElo "2200"]
[WhiteFideId "4164970"]
[BlackFideId "4123840"]
[EventDate "2017.10.02"]
[EventType "blitz"]

1. d4 Nf6 2. Nf3 c5 3. c3 d5 4. Bf4 Qb6 5. Qb3 Qxb3 6. axb3 cxd4 7. Nxd4 Nc6 8.
Nb5 Kd7 9. e3 e5 10. Bg3 Bc5 11. b4 Bb6 12. Be2 Ke7 13. O-O Be6 14. Nd2 a6 15.
Na3 h5 16. h3 h4 17. Bh2 Rhd8 18. b5 axb5 19. Nxb5 Nd7 20. Nf3 f6 21. Nxh4 Nc5
22. Na3 Na4 23. Rab1 Bc5 24. Nb5 Ra5 25. b4 Rxb5 1-0

[Event "ch-RUS Blitz Women 2017"]
[Site "Sochi RUS"]
[Date "2017.10.02"]
[Round "5.12"]
[White "Garifullina, Leya"]
[Black "Komiagina, Maria"]
[Result "1-0"]
[WhiteTitle "WCM"]
[BlackTitle "WIM"]
[WhiteElo "1936"]
[BlackElo "2234"]
[WhiteFideId "34127035"]
[BlackFideId "4153987"]
[EventDate "2017.10.02"]
[EventType "blitz"]

1. e4 c5 2. Nf3 e6 3. d4 cxd4 4. Nxd4 Nc6 5. Nc3 Qc7 6. Nxc6 bxc6 7. Bd3 Nf6 8.
O-O d5 9. Qe2 Be7 10. Re1 O-O 11. Bg5 h6 12. Bh4 d4 13. e5 dxc3 14. exf6 gxf6
15. bxc3 f5 16. Bg3 Qa5 17. Qh5 Kg7 18. Bf4 Rh8 19. Qf3 Qd5 20. Qg3+ Kf8 21. c4
Qd8 22. Be5 Rg8 23. Qh3 Rg6 24. Rab1 Ba6 25. Red1 Qe8 26. g3 Rd8 27. Qg2 c5 28.
Bc7 Rc8 29. Ba5 Bf6 30. Rb3 Bd4 31. Bc3 Rd8 32. Ba5 Rc8 33. Qf3 Kg8 34. Rdb1 Qe7
35. c3 Be5 36. Qe2 Bd6 37. Qe3 f4 38. Qe2 Rg7 39. R3b2 fxg3 40. hxg3 Rf8 41. Rd2
Bc8 42. Qf3 f5 43. Bf1 f4 44. g4 Kh8 45. Qh3 Qg5 46. f3 Be7 47. Rh2 Rg6 48. Bd3
Rgf6 49. Bc7 Bd7 50. Re1 Bc6 51. Be5 Kg7 52. Bxf6+ Bxf6 53. Rxe6 Bd7 54. Rd6 Bc8
55. Rd5 Be5 56. Rxe5 Qxe5 57. Qxh6+ Kf7 58. Qg6+ Ke7 59. Rh7+ Kd8 60. Be4 Bd7
61. Qa6 Qxc3 62. Qb7 Qe1+ 63. Kg2 Qe2+ 64. Kh3 Qf1+ 65. Kh4 Qh1+ 66. Kg5 Rg8+
67. Kf6 Qa1+ 68. Kf7 Re8 69. Qb8+ Bc8 70. Qd6+ Bd7 71. Kg6 Rg8+ 72. Kf7 Re8 73.
Qb8+ Bc8 74. Kg6 Qd4 75. Bf5 Rg8+ 76. Kh5 1-0

[Event "ch-RUS Blitz Women 2017"]
[Site "Sochi RUS"]
[Date "2017.10.02"]
[Round "6.1"]
[White "Pogonina, Natalija"]
[Black "Goryachkina, Aleksandra"]
[Result "1/2-1/2"]
[WhiteTitle "WGM"]
[BlackTitle "WGM"]
[WhiteElo "2466"]
[BlackElo "2478"]
[WhiteFideId "4147855"]
[BlackFideId "4147103"]
[EventDate "2017.10.02"]
[EventType "blitz"]

1. d4 d5 2. c4 e6 3. e3 Nf6 4. Nc3 Be7 5. Nf3 O-O 6. Be2 b6 7. O-O Bb7 8. cxd5
Nxd5 9. Nxd5 Bxd5 10. Qc2 c5 11. e4 Bb7 12. Rd1 cxd4 13. Nxd4 Qc8 14. Qb1 Nc6
15. Be3 Nxd4 16. Bxd4 Qc6 17. Bf3 Qb5 18. Bc3 Rfd8 19. Qc2 h6 20. h3 Bc5 21.
Rxd8+ Rxd8 22. Rd1 Qe8 23. Rd2 a5 24. Qd1 Rxd2 25. Qxd2 Bc6 26. Qf4 Qd7 27. Qe5
f6 28. Qg3 Bd4 29. e5 Bxc3 30. bxc3 Bxf3 31. Qxf3 fxe5 32. Qa8+ Kf7 33. Qb8 Qb5
34. Qc7+ Kg6 35. Kh2 Qc5 36. Qd7 Qd5 37. Qa4 e4 38. a3 Qe5+ 39. Kg1 Kh7 40. Qc4
Qd5 41. Qc7 Qc5 42. Qf4 Qf5 43. Qc7 Qb5 44. Qf4 Qb1+ 45. Kh2 Qd3 46. Qe5 Qd5 47.
Qc7 Qc5 48. Qf4 Qc6 49. Qe5 a4 50. g3 b5 51. h4 Qd5 52. Qc7 Qc4 53. Qe5 Qd5 54.
Qc7 Kg6 55. Qf4 Qf5 56. Qe3 Qf3 57. Qd4 Qe2 58. Kg2 e3 59. Qe4+ Kf6 60. Qf4+ Ke7
61. Qc7+ Kf6 62. Qf4+ Ke7 63. Qc7+ Kf6 1/2-1/2

[Event "ch-RUS Blitz Women 2017"]
[Site "Sochi RUS"]
[Date "2017.10.02"]
[Round "6.2"]
[White "Kabanova, Ekaterina"]
[Black "Charochkina, Daria"]
[Result "1-0"]
[WhiteTitle "WFM"]
[BlackTitle "IM"]
[WhiteElo "2205"]
[BlackElo "2321"]
[WhiteFideId "24112917"]
[BlackFideId "4180917"]
[EventDate "2017.10.02"]
[EventType "blitz"]

1. c4 c6 2. e3 d5 3. Nf3 Nf6 4. Qc2 e6 5. a3 Nbd7 6. Be2 Bd6 7. O-O O-O 8. d3
Qe7 9. Nbd2 b6 10. b4 a5 11. bxa5 Rxa5 12. cxd5 Nxd5 13. Nc4 Ra8 14. Nxd6 Qxd6
15. Bb2 Ba6 16. Rfc1 Rfc8 17. h3 h6 18. Bf1 c5 19. e4 Nf4 20. Qc3 f6 21. Rd1 e5
22. Nh4 Nf8 23. Nf5 Qc7 24. Qb3+ Kh7 25. Rac1 Rd8 26. g3 N4e6 27. h4 Rab8 28.
Ne3 Nd4 29. Bxd4 Rxd4 30. Nd5 Qd6 31. Rb1 b5 32. Qc2 Bc8 33. Rdc1 Ne6 34. Bh3 c4
35. dxc4 Rxc4 36. Qd3 Nc5 37. Qf1 Bxh3 38. Qxh3 Rxc1+ 39. Rxc1 Nd3 40. Rd1 Nc5
41. Qf5+ Kh8 42. h5 Rd8 43. Rb1 Nxe4 44. Rxb5 Ng5 45. Kg2 Qc6 46. Qd3 e4 47. Qb3
Nf3 48. Ne7 Qc1 49. Qb1 Ne1+ 50. Kh3 Qxb1 51. Rxb1 Nf3 52. a4 Ng5+ 53. Kg2 Ra8
54. Ra1 Ne6 55. a5 Ra7 56. Nc6 Ra6 57. Nb4 Ra8 58. a6 Kg8 59. Re1 f5 60. Ra1 Kf7
61. Ra5 g6 62. Nd5 Ra7 63. hxg6+ Kxg6 64. Nc3 Nc7 65. Rc5 Nxa6 66. Rc6+ Kg5 67.
Nd5 Nb8 68. Rc8 h5 69. Rxb8 Rd7 70. Nf4 Rd2 71. Nh3+ Kf6 72. Rb6+ Ke5 73. Rb3
Kf6 74. Nf4 h4 75. gxh4 Ke5 76. Kg3 Rd1 77. Ng2 Rg1 78. Kh2 Rf1 79. Rb2 Kd4 80.
Rd2+ Ke5 81. h5 f4 82. Ra2 f3 83. Ne3 Rc1 84. Ra5+ Kf6 85. Kg3 Rh1 86. Ng4+ Kg7
87. Ra7+ Kh8 88. h6 Rg1+ 89. Kf4 Rh1 90. Kg5 Rg1 91. Kf4 Rh1 92. Kxe4 Rh3 93.
Kf4 Kg8 94. Nf6+ Kf8 95. Ng4 Kg8 96. Kg5 Rh1 97. Kg6 Kf8 98. Kf6 Ke8 99. h7 Kd8
100. Ra8+ 1-0

[Event "ch-RUS Blitz Women 2017"]
[Site "Sochi RUS"]
[Date "2017.10.02"]
[Round "6.3"]
[White "Bivol, Alina"]
[Black "Nechaeva, Marina"]
[Result "1/2-1/2"]
[WhiteTitle "WGM"]
[BlackTitle "IM"]
[WhiteElo "2356"]
[BlackElo "2431"]
[WhiteFideId "4100123"]
[BlackFideId "4149351"]
[EventDate "2017.10.02"]
[EventType "blitz"]

1. e4 c5 2. Nf3 d6 3. d4 cxd4 4. Nxd4 Nf6 5. Nc3 a6 6. Nb3 e5 7. Bg5 Be7 8. Bxf6
Bxf6 9. Nd5 Be7 10. Bd3 Be6 11. c4 Nc6 12. O-O O-O 13. Qe2 Rc8 14. a3 g6 15.
Rad1 Bf6 16. Qe3 Bg7 17. c5 Nd4 18. Nxd4 exd4 19. Qf3 dxc5 20. b3 b5 21. Rc1 Qd6
22. a4 Rb8 23. axb5 axb5 24. Qe2 Bxd5 25. exd5 Qxd5 26. Bxb5 Bh6 27. Bc4 Qd6 28.
Ra1 Bg7 29. Rfd1 Rfe8 30. Qf3 Re7 31. g3 h5 32. h4 Bf6 33. Qd3 Kg7 34. Ra6 Qe5
35. Qf3 Rd8 36. Kg2 Rd6 37. Rxd6 Qxd6 38. Rc1 Be5 39. Re1 f6 40. Ra1 d3 41. Ra6
Qd4 42. Qxd3 Qxd3 43. Bxd3 1/2-1/2

[Event "ch-RUS Blitz Women 2017"]
[Site "Sochi RUS"]
[Date "2017.10.02"]
[Round "6.4"]
[White "Bodnaruk, Anastasia"]
[Black "Belenkaya, Dina"]
[Result "1-0"]
[WhiteTitle "IM"]
[BlackTitle "WGM"]
[WhiteElo "2432"]
[BlackElo "2346"]
[WhiteFideId "4181751"]
[BlackFideId "24142654"]
[EventDate "2017.10.02"]
[EventType "blitz"]

1. e4 c6 2. d3 d5 3. Nd2 g6 4. g3 Bg7 5. Bg2 e5 6. Ngf3 Ne7 7. O-O O-O 8. c3 Nd7
9. Qc2 Qc7 10. Re1 h6 11. b3 Re8 12. Bb2 Nb6 13. d4 exd4 14. cxd4 dxe4 15. Nxe4
Nbd5 16. Re2 Bf5 17. Rae1 Rad8 18. a3 Qc8 19. Qc1 Bg4 20. Nc5 Bf8 21. Nd3 Nf5
22. Nde5 Bxf3 23. Bxf3 Bg7 24. Bg2 Nd6 25. h4 Nb5 26. a4 Nbc7 27. Kh2 h5 28. Bh3
Qa8 29. f4 Bxe5 30. fxe5 Ne6 31. Qh6 Rd7 32. Rf1 Ree7 33. Ref2 Qf8 34. Qc1 Qg7
35. Qd2 c5 36. dxc5 Ndf4 37. Qc2 Nxh3 38. Kxh3 Rd5 39. b4 Nd4 40. Qc4 Qxe5 41.
Kh2 Qe4 42. Qc1 Ne6 43. Bc3 Rd3 44. Re1 Qc4 45. Bd2 Qg4 46. Re3 Rxe3 47. Bxe3
Qxb4 48. Rc2 Qxa4 49. c6 bxc6 50. Rxc6 Qa2+ 51. Kh1 Qd5+ 52. Kh2 Rb7 53. Rc8+
Kh7 54. Qa1 f6 55. Qxf6 Rg7 56. Qb2 Qf3 57. Bf2 Rf7 58. Qh8# 1-0

[Event "ch-RUS Blitz Women 2017"]
[Site "Sochi RUS"]
[Date "2017.10.02"]
[Round "6.5"]
[White "Kashlinskaya, Alina"]
[Black "Maltsevskaya, Aleksandra"]
[Result "1-0"]
[WhiteTitle "IM"]
[WhiteElo "2455"]
[BlackElo "2260"]
[WhiteFideId "4198026"]
[BlackFideId "24174041"]
[EventDate "2017.10.02"]
[EventType "blitz"]

1. d4 Nf6 2. c4 g6 3. Nc3 Bg7 4. e4 d6 5. f4 c5 6. d5 O-O 7. Nf3 e6 8. Be2 exd5
9. cxd5 Nbd7 10. O-O Re8 11. Qc2 c4 12. Bxc4 Nc5 13. e5 dxe5 14. fxe5 Bf5 15.
Qf2 Nfe4 16. Nxe4 Nxe4 17. Qd4 Rc8 18. Bf4 Qa5 19. Rac1 Rcd8 20. d6 Nxd6 21. b4
Nxc4 22. bxa5 Rxd4 23. Nxd4 Bd3 24. Rfd1 Nxe5 1-0

[Event "ch-RUS Blitz Women 2017"]
[Site "Sochi RUS"]
[Date "2017.10.02"]
[Round "6.6"]
[White "Ubiennykh, Ekaterina"]
[Black "Nebolsina, Vera"]
[Result "1/2-1/2"]
[WhiteTitle "WIM"]
[BlackTitle "WGM"]
[WhiteElo "2308"]
[BlackElo "2220"]
[WhiteFideId "4137582"]
[BlackFideId "4163591"]
[EventDate "2017.10.02"]
[EventType "blitz"]

1. d4 Nf6 2. c4 g6 3. Nc3 Bg7 4. e4 d6 5. Be2 O-O 6. Bg5 Nc6 7. f4 e5 8. Nf3
exd4 9. Nxd4 Qe8 10. Nxc6 Qxc6 11. Qd3 Re8 12. Bxf6 Bxf6 13. Bf3 Bxc3+ 14. Qxc3
Be6 15. Rc1 Qb6 16. b3 Bf5 17. c5 dxc5 18. e5 c4 19. bxc4 c6 20. c5 Qa6 21. a3
Rad8 22. Be2 Bd3 23. Bf3 Bb5 24. Kf2 Rd3 25. Qb4 Red8 26. Rhd1 R8d7 27. Rxd3
Rxd3 28. Rd1 Rxd1 29. Bxd1 b6 30. Ke3 Qc8 31. Qd4 bxc5 32. Qxc5 Qd7 33. Bf3 Qd3+
34. Kf2 Qd2+ 35. Kg3 g5 36. Qb4 gxf4+ 37. Qxf4 Qxf4+ 38. Kxf4 Kf8 39. Be4 h6 40.
g4 Ke7 41. h4 f6 42. Bf5 fxe5+ 43. Kxe5 c5 44. Kd5 c4 45. Kc5 Ba6 46. a4 Kf6 47.
a5 Ke5 1/2-1/2

[Event "ch-RUS Blitz Women 2017"]
[Site "Sochi RUS"]
[Date "2017.10.02"]
[Round "6.7"]
[White "Kharmunova, Nadezhda"]
[Black "Voit, Daria"]
[Result "0-1"]
[WhiteTitle "WIM"]
[BlackTitle "FM"]
[WhiteElo "2199"]
[BlackElo "2387"]
[WhiteFideId "4195876"]
[BlackFideId "4182146"]
[EventDate "2017.10.02"]
[EventType "blitz"]

1. Nf3 c5 2. g3 b6 3. Bg2 Bb7 4. O-O g6 5. d3 Bg7 6. e4 d5 7. e5 e6 8. Re1 Nd7
9. Nbd2 Ne7 10. c4 O-O 11. cxd5 Bxd5 12. Nc4 Qc7 13. Bg5 Nc6 14. Qd2 Ndxe5 15.
Nfxe5 Nxe5 16. Bf4 Bxg2 17. Nxe5 Qb7 18. Qe3 f6 19. Nc4 e5 20. Bh6 Bh1 21. f3
Qxf3 22. Qxf3 Bxf3 23. Bxg7 Kxg7 24. Kf2 Bc6 25. Ke3 Rad8 26. Rf1 Rd4 27. Rad1
Rfd8 28. b3 e4 29. Nb2 exd3 30. Kd2 Re8 31. Rde1 Re2+ 32. Kc3 Rc2# 0-1

[Event "ch-RUS Blitz Women 2017"]
[Site "Sochi RUS"]
[Date "2017.10.02"]
[Round "6.8"]
[White "Drozdova, Dina"]
[Black "Sukhareva, Evgeniya"]
[Result "1/2-1/2"]
[WhiteTitle "WIM"]
[WhiteElo "2209"]
[BlackElo "2207"]
[WhiteFideId "4170695"]
[BlackFideId "4167155"]
[EventDate "2017.10.02"]
[EventType "blitz"]

1. d4 Nf6 2. c4 e6 3. Nf3 b6 4. g3 Bb7 5. Bg2 g6 6. O-O Bg7 7. Nc3 Ne4 8. Qc2
Nxc3 9. Qxc3 c5 10. Qd3 cxd4 11. Nxd4 Bxg2 12. Kxg2 O-O 13. Rd1 a6 14. Be3 Qc8
15. Rac1 Ra7 16. b3 Rc7 17. Nf3 Qb7 18. Kg1 Nc6 19. Qd2 Re8 20. h4 h5 21. Qe1
Bb2 22. Rc2 Bg7 23. Bf4 e5 24. Bc1 e4 25. Nh2 Nd4 26. Rcd2 Nf5 27. Rd5 e3 28. f3
Be5 29. Nf1 Bg7 30. Ba3 Re6 31. R1d3 b5 32. cxb5 axb5 33. Bb4 Rec6 34. Rd1 Rc2
35. Rxf5 gxf5 36. Nxe3 Qa7 37. Qf2 Rxa2 38. Nxf5 Rxe2 39. Qxa7 Rxa7 40. Nxg7
Kxg7 41. Bd6 Raa2 42. Bf4 Rg2+ 43. Kh1 Rgb2 44. Be5+ Kf8 45. Bxb2 Rxb2 46. Rxd7
Rxb3 47. Kg2 Rb2+ 48. Kh3 Rb3 49. Kg2 Rb2+ 50. Kh3 Rb3 51. Kg2 Rb2+ 52. Kh3 Rb3
53. f4 Kg7 54. Rd6 Rb2 55. Rb6 b4 56. Rb5 Kg6 57. Rb6+ f6 58. Rb5 Kh6 59. Rb6
Kg6 60. Rb5 1/2-1/2

[Event "ch-RUS Blitz Women 2017"]
[Site "Sochi RUS"]
[Date "2017.10.02"]
[Round "6.9"]
[White "Travkina, Anastasia"]
[Black "Ambartsumova, Karina"]
[Result "1-0"]
[WhiteTitle "WFM"]
[BlackTitle "WGM"]
[WhiteElo "2221"]
[BlackElo "2359"]
[WhiteFideId "24129151"]
[BlackFideId "4166299"]
[EventDate "2017.10.02"]
[EventType "blitz"]

1. e4 c5 2. Nf3 Nc6 3. d4 cxd4 4. Nxd4 Qb6 5. Nb3 Nf6 6. Nc3 e6 7. Be3 Qc7 8.
Bd3 Bb4 9. f4 Bxc3+ 10. bxc3 b6 11. O-O Bb7 12. Nd4 d6 13. Qe2 O-O 14. Bf2 e5
15. Nf5 Bc8 16. Bh4 Bxf5 17. exf5 Nd5 18. f6 g6 19. Qg4 Rfc8 20. Qg5 Qd7 21.
fxe5 Qe8 22. e6 Ne5 23. e7 Kh8 24. Be4 Rc5 25. Bf2 Rac8 26. Bxc5 Rxc5 27. Bxd5
Rxd5 28. Rad1 Rc5 29. Qh6 1-0

[Event "ch-RUS Blitz Women 2017"]
[Site "Sochi RUS"]
[Date "2017.10.02"]
[Round "6.10"]
[White "Gritsayeva, Oksana"]
[Black "Shaydullina, Sandugach"]
[Result "1-0"]
[WhiteTitle "WFM"]
[BlackTitle "WGM"]
[WhiteElo "2373"]
[BlackElo "2185"]
[WhiteFideId "14104652"]
[BlackFideId "4140389"]
[EventDate "2017.10.02"]
[EventType "blitz"]

1. e4 c5 2. Nf3 Nc6 3. Bb5 d6 4. d4 cxd4 5. Qxd4 Qa5+ 6. Nc3 Qxb5 7. Nxb5 Nxd4
8. Nfxd4 Kd8 9. Be3 a6 10. Na3 Nf6 11. f3 e6 12. Nc4 Nd7 13. O-O-O Be7 14. Bf2
g6 15. Bg3 e5 16. Ne2 Kc7 17. Nc3 Nf6 18. Bh4 Be6 19. Ne3 Kd8 20. Bxf6 Bxf6 21.
Rxd6+ Kc7 22. Rd3 Bg5 23. Kb1 Bxe3 24. Rxe3 Rad8 25. Kc1 Rd6 26. Rd1 Rhd8 27.
Rxd6 Rxd6 28. b3 b5 29. a3 Kc6 30. Re2 Rd8 31. Rd2 Rf8 32. Nd5 f5 33. Nb4+ Kb7
34. Rd6 Re8 35. Nxa6 Bc8 36. Nc5+ Kc7 37. Rf6 fxe4 38. Nxe4 Re7 39. Kd2 Bd7 40.
Kc3 Bc6 41. Kb4 Rd7 42. c4 bxc4 43. bxc4 Rd1 44. Rf7+ Kc8 45. Nc5 Rb1+ 46. Ka5
Rb2 47. Rxh7 Rxg2 48. Kb6 Be8 49. Rc7+ Kb8 50. Na6+ Ka8 51. Rc8# 1-0